Quantum mechanics : an introduction /

Guardado en:
Autor Principal: Greiner, Walter, 1935-
Formato: Libro
Idioma:English
German
Publicado: Berlin : Springer, c1994.
Edición:3rd corr. ed.
Series:Greiner, Walter, 1935- Theoretische Physik. v. 1.
Materias:
Etiquetas: Agregar Etiqueta
Sin Etiquetas, Sea el primero en etiquetar este registro!
LEADER 00965cam a2200277 a 4500
001 MAT.inmabb003423
008 940607s1994####gw#a#####b####001#0deng##
005 20130320142012.0
245 1 0 |a Quantum mechanics :  |b an introduction /  |c Walter Greiner ; with a foreword by D. A. Bromley. 
250 |a 3rd corr. ed. 
260 |a Berlin :  |b Springer,  |c c1994. 
300 |a xix, 445 p. :  |b il. ;  |c 25 cm. 
490 1 |a Theoretical physics ;  |v v. 1 
546 |a Traducido del alemán. 
504 |a Incluye referencias bibliográficas e índice. 
020 |a 3540580794 (Berlin) 
020 |a 0387580794 (New York) 
100 1 |a Greiner, Walter,  |d 1935- 
240 1 0 |a Quantenmechanik.  |n Teil 1,  |p Einführung.  |l Inglés 
800 1 |a Greiner, Walter,  |d 1935-  |t Theoretische Physik.  |l Inglés ;  |v v. 1. 
650 0 |a Quantum theory. 
084 |a 81-01  |2 msc2000 
010 |a  94003433  
040 |a DLC  |c DLC  |d DLC 
041 1 |a eng  |h ger 
859 |h 81  |i G824  |p A-7148  |b BIB. MATEMATICA